[Event "Moscow Blitz Final 2014"]
[Site "Moscow RUS"]
[Date "2014.09.06"]
[Round "3.2"]
[White "Savchenko, Boris"]
[Black "Fedoseev, Vladimir3"]
[Result "1-0"]
[WhiteTitle "GM"]
[BlackTitle "GM"]
[WhiteElo "2608"]
[BlackElo "2677"]
[WhiteFideId "4147332"]
[BlackFideId "24130737"]
[EventDate "2014.09.06"]

1. e4 c5 2. Nf3 d6 3. d4 cxd4 4. Nxd4 Nf6 5. Nc3 a6 6. Bg5 e6 7. f4 Qc7 8. Qe2
Be7 9. O-O-O Nbd7 10. g4 b5 11. Bxf6 Nxf6 12. g5 Nd7 13. Qf2 Bb7 14. Bg2 b4 15.
Nce2 Rc8 16. Ng3 g6 17. Kb1 e5 18. fxe5 Nxe5 19. h4 O-O 20. Qd2 Qc5 21. Nge2 Nc4
22. Qd3 Qe5 23. Rhf1 d5 24. exd5 Ne3 25. Nf3 Qf5 26. Qxe3 Qxc2+ 27. Ka1 Bc5 28.
Nfd4 Qa4 29. Qb3 Qa5 30. Nc6 Qc7 31. Rc1 Qb6 32. Nf4 Bd6 33. Nd3 a5 34. Qc2 Ba6
35. Rfe1 a4 36. Qf2 Qb5 37. Nc5 a3 38. Ne4 Rxc6 39. dxc6 Be5 40. Nf6+ Kh8 41.
Rxe5 Qxe5 42. Nd7 1-0

[Event "Moscow Blitz Final 2014"]
[Site "Moscow RUS"]
[Date "2014.09.06"]
[Round "3.3"]
[White "Najer, Evgeniy"]
[Black "Belous, Vladimir"]
[Result "0-1"]
[WhiteTitle "GM"]
[BlackTitle "GM"]
[WhiteElo "2646"]
[BlackElo "2584"]
[WhiteFideId "4118987"]
[BlackFideId "4174003"]
[EventDate "2014.09.06"]

1. e4 c5 2. Nf3 Nc6 3. d4 cxd4 4. Nxd4 e5 5. Nb5 d6 6. c4 g6 7. N1c3 a6 8. Na3
Be6 9. Be2 Bg7 10. O-O Nge7 11. Nc2 O-O 12. Be3 f5 13. f3 fxe4 14. Nxe4 Nf5 15.
Bf2 Kh8 16. Qd2 Nfd4 17. Rfd1 Rc8 18. b3 Bg8 19. Rac1 Qd7 20. Bf1 Rce8 21. Nb4
Rxf3 22. Nxc6 Rxf2 23. Qxf2 bxc6 24. Nf6 Bxf6 25. Qxf6+ Qg7 26. Qxd6 Re6 27. Qd8
c5 28. Qc8 Qh6 29. Rc3 Rf6 30. Qxc5 Qf4 31. h3 Be6 32. Qc7 Rf7 33. Qd8+ Kg7 34.
c5 Bf5 35. c6 Be4 36. c7 Qf2+ 37. Kh1 Ne2 38. Qh8+ Kxh8 39. c8=Q+ Kg7 40. Qc5
Ng3+ 41. Rxg3 Qxc5 0-1

[Event "Moscow Blitz Final 2014"]
[Site "Moscow RUS"]
[Date "2014.09.06"]
[Round "3.4"]
[White "Karjakin, Sergey"]
[Black "Mozharov, Mikhail"]
[Result "0-1"]
[WhiteTitle "GM"]
[BlackTitle "GM"]
[WhiteElo "2777"]
[BlackElo "2555"]
[WhiteFideId "14109603"]
[BlackFideId "4189825"]
[EventDate "2014.09.06"]

1. Nf3 d5 2. g3 Bg4 3. Bg2 Nd7 4. h3 Bxf3 5. Bxf3 c6 6. d3 Ngf6 7. Nd2 g6 8. O-O
Bg7 9. e4 O-O 10. Qe2 dxe4 11. dxe4 Qc7 12. a4 Rfd8 13. h4 e5 14. Bg2 Nc5 15. b3
Ne6 16. Nf3 h5 17. Bh3 Ng4 18. c3 Nc5 19. Rb1 Nd3 20. Bg5 f6 21. Be3 Nxe3 22.
Qxe3 Qb6 23. Qe2 a5 24. Rfd1 Nc5 25. Nd2 Kh7 26. Nc4 Qc7 27. g4 Ne6 28. gxh5 Nf4
29. hxg6+ Kxg6 30. Bf5+ Kf7 31. Qg4 Bh6 32. Kf1 b5 33. Ne3 Rxd1+ 34. Rxd1 Rd8
35. Be6+ Nxe6 36. Qh5+ Kg8 37. Qxh6 Rxd1+ 38. Nxd1 Qd8 39. Qg6+ Kf8 40. Ne3 Nf4
41. Qh6+ Kf7 42. Qh7+ Ke6 43. Kg1 Qd3 44. Qg8+ Kd7 45. Qf7+ Kc8 46. axb5 cxb5
47. Qe8+ Kc7 48. Qe7+ Kc8 49. Qc5+ Kd8 50. Qb6+ Ke8 51. Qxf6 Qxe4 52. Kh2 a4 53.
bxa4 bxa4 54. c4 a3 55. Qh8+ Kf7 56. Ng4 Qg2# 0-1

[Event "Moscow Blitz Final 2014"]
[Site "Moscow RUS"]
[Date "2014.09.06"]
[Round "3.5"]
[White "Dvalishvili, Pavel S."]
[Black "Motylev, Alexander"]
[Result "0-1"]
[WhiteTitle "IM"]
[BlackTitle "GM"]
[WhiteElo "2439"]
[BlackElo "2686"]
[WhiteFideId "4121996"]
[BlackFideId "4121830"]
[EventDate "2014.09.06"]

1. Nf3 d5 2. c4 d4 3. g3 Nc6 4. Bg2 e5 5. O-O g6 6. b4 e4 7. Ne1 Nf6 8. b5 Ne5
9. d3 Bg7 10. Ba3 a6 11. Nc2 axb5 12. cxb5 Bg4 13. f3 exf3 14. exf3 Be6 15. f4
Neg4 16. Re1 h5 17. Bxb7 Rxa3 18. Nbxa3 h4 19. Qf3 Kf8 20. Rxe6 fxe6 21. Re1
hxg3 22. hxg3 Qe7 23. Nc4 Rh2 24. Re2 Rh3 25. Bc8 Nh5 26. Rg2 Nhf6 27. Qe2 Qc5
28. Bxe6 Qh5 29. Kf1 Rh1+ 30. Rg1 Nh2+ 31. Kf2 Qxe2+ 32. Kxe2 Rxg1 33. a4 Rg2+
34. Kd1 Rg1+ 35. Kd2 Nf3+ 36. Ke2 Rg2+ 37. Kxf3 Rxc2 38. a5 Ra2 39. a6 Ke7 40.
Bc8 Ne8 41. Bb7 Nd6 42. Nxd6 Kxd6 43. g4 Kc5 44. Bc6 Kb6 45. Be8 g5 46. fxg5 Rd2
47. Kf4 Rxd3 48. g6 Re3 49. Bc6 Re7 50. Be4 Rd7 51. Bd3 Re7 52. g5 Re3 53. Bc4
Be5+ 54. Kf5 Bg7 55. Kf4 Rc3 56. Bf1 Rc5 57. Bd3 c6 58. bxc6 Kxc6 59. Kf3 Kb6
60. Ke2 Re5+ 61. Kd2 Rxg5 62. Kc2 Rc5+ 63. Kd2 Bh6+ 64. Ke2 Re5+ 65. Kd1 Re3 66.
Kc2 Bg7 67. Kd2 Bf8 68. Kc2 Bh6 69. Bf1 Rg3 70. Bd3 Rg5 71. Kb3 Rc5 72. Kb2 Rc3 0-1

[Event "Moscow Blitz Final 2014"]
[Site "Moscow RUS"]
[Date "2014.09.06"]
[Round "3.6"]
[White "Kretov, Evgenij"]
[Black "Popov, Ivan RUS"]
[Result "0-1"]
[WhiteTitle "FM"]
[BlackTitle "GM"]
[WhiteElo "2263"]
[BlackElo "2627"]
[WhiteFideId "4167821"]
[BlackFideId "4170350"]
[EventDate "2014.09.06"]

1. d4 Nf6 2. c4 b6 3. Nc3 Bb7 4. Bg5 g6 5. Qc2 Bg7 6. e4 d6 7. Be2 O-O 8. Nf3
Nbd7 9. h3 h6 10. Bh4 e5 11. d5 c6 12. g4 cxd5 13. cxd5 Rc8 14. Nd2 Nc5 15. f3
Ba6 16. b4 Bxe2 17. bxc5 Bxf3 18. Nxf3 Rxc5 19. Qd3 Qc7 20. Ne2 Nxd5 21. Rd1 Nc3
22. Nxc3 Rxc3 23. Qe2 f5 24. gxf5 gxf5 25. O-O fxe4 26. Qxe4 Kh8 27. Qd5 Qc8 28.
Kg2 Qf5 29. Rd2 Qg6+ 30. Kh1 Qh5 31. Kg2 Qg6+ 32. Kh1 Rf4 33. Be1 Qf5 34. Kg2
Qg6+ 35. Kh1 Qh5 36. Kg2 Qg6+ 37. Kh1 Qf5 38. Kg2 h5 39. Qa8+ Kh7 40. Bh4 Rxh4
41. Nxh4 Qg5+ 42. Kh1 Qxh4 43. Kh2 Qxh3+ 44. Kg1 Rg3+ 45. Kf2 Rg2+ 46. Ke1 Qe3+ 0-1

[Event "Moscow Blitz Final 2014"]
[Site "Moscow RUS"]
[Date "2014.09.06"]
[Round "3.7"]
[White "Malakhov, Vladimir"]
[Black "Riazantsev, Alexander"]
[Result "0-1"]
[WhiteTitle "GM"]
[BlackTitle "GM"]
[WhiteElo "2696"]
[BlackElo "2678"]
[WhiteFideId "4120787"]
[BlackFideId "4125029"]
[EventDate "2014.09.06"]

1. c4 e6 2. Nf3 d5 3. b3 Nf6 4. g3 Be7 5. Bg2 O-O 6. O-O b6 7. Bb2 Bb7 8. e3 a5
9. Nc3 Nbd7 10. Qc2 a4 11. cxd5 a3 12. Bc1 Nxd5 13. Nxd5 Bxd5 14. e4 Bb7 15. d4
c5 16. Be3 Nf6 17. dxc5 Bxe4 18. Qc1 bxc5 19. Bxc5 Rc8 20. Bxe7 Rxc1 21. Bxd8
Rxa1 22. Rxa1 Rxd8 23. Ne5 Bxg2 24. Kxg2 Ne4 25. Nc4 g5 26. Re1 Nc3 27. Nxa3
Nxa2 28. Nc2 Nc3 29. b4 Rd2 30. Ne3 Rb2 31. Kf3 Rxb4 32. Rc1 Rb3 33. Kg2 Kg7 34.
Rc2 h5 35. Nc4 Nd5 36. Nd2 Rc3 37. Rb2 Kg6 38. Nf3 f6 39. h4 g4 40. Nd4 e5 41.
Nb5 Rc6 42. Rd2 Ne7 43. Rd8 Nf5 44. Rg8+ Kh7 45. Rf8 Kg7 46. Rd8 Rc2 47. Rd3 Kg6
48. Nd6 Nd4 49. Ne4 Rc1 50. Nd2 Rd1 0-1

[Event "Moscow Blitz Final 2014"]
[Site "Moscow RUS"]
[Date "2014.09.06"]
[Round "3.8"]
[White "Dubov, Daniil"]
[Black "Grischuk, Alexander"]
[Result "1-0"]
[WhiteTitle "GM"]
[BlackTitle "GM"]
[WhiteElo "2614"]
[BlackElo "2789"]
[WhiteFideId "24126055"]
[BlackFideId "4126025"]
[EventDate "2014.09.06"]

1. Nf3 c5 2. e4 d6 3. d4 cxd4 4. Nxd4 Nf6 5. Nc3 a6 6. Be2 e5 7. Nf5 d5 8. Bg5
d4 9. Bxf6 Qxf6 10. Nd5 Qd8 11. Bc4 g6 12. Nxd4 Bg7 13. Nb3 O-O 14. O-O Nc6 15.
a4 h5 16. a5 Rb8 17. Nb6 Qg5 18. Nxc8 Rbxc8 19. c3 Ne7 20. Qe2 Kh8 21. Nd2 f5
22. Nf3 Qf4 23. Bd3 Rce8 24. Ra4 Qh6 25. Rb4 f4 26. h4 Rb8 27. Rb6 Rf6 28. Nxe5 1-0

[Event "Moscow Blitz Final 2014"]
[Site "Moscow RUS"]
[Date "2014.09.06"]
[Round "3.9"]
[White "Grachev, Boris"]
[Black "Reshetnikov, Alexey"]
[Result "1-0"]
[WhiteTitle "GM"]
[BlackTitle "IM"]
[WhiteElo "2673"]
[BlackElo "2498"]
[WhiteFideId "4129199"]
[BlackFideId "4162080"]
[EventDate "2014.09.06"]

1. d4 d5 2. Bf4 c5 3. e3 Nc6 4. c3 Bf5 5. Nd2 e6 6. Qb3 Qc8 7. Ngf3 Nf6 8. h3 h6
9. Be2 Be7 10. O-O O-O 11. a4 c4 12. Qa2 a6 13. a5 Bd8 14. b4 Bc7 15. Bd1 Ne4
16. Nxe4 Bxe4 17. Nd2 Bd3 18. Re1 e5 19. dxe5 Nxe5 20. Nf3 Nxf3+ 21. Bxf3 Rd8
22. Bxc7 Qxc7 23. Qd2 Rd6 24. Be2 Be4 25. f3 Bf5 26. Bf1 Re8 27. Rad1 Ree6 28.
Qf2 Qe7 29. Rd4 Qg5 30. Kh2 Qe7 31. Qh4 Qe8 32. Qf4 Bg6 33. e4 Re5 34. Qd2 Qe7
35. Kg1 Kh7 36. Bxc4 Rf6 37. Rxd5 Rxd5 38. Bxd5 Qc7 39. c4 Rf4 40. c5 f5 41. e5
Bh5 42. Qxf4 1-0

[Event "Moscow Blitz Final 2014"]
[Site "Moscow RUS"]
[Date "2014.09.06"]
[Round "3.10"]
[White "Morozevich, Alexander"]
[Black "Paravyan, David"]
[Result "1-0"]
[WhiteTitle "GM"]
[BlackTitle "IM"]
[WhiteElo "2731"]
[BlackElo "2428"]
[WhiteFideId "4116992"]
[BlackFideId "4194985"]
[EventDate "2014.09.06"]

1. e4 e5 2. Nf3 Nc6 3. Bb5 a6 4. Ba4 Nf6 5. d3 d6 6. c3 g6 7. Nbd2 Bg7 8. Nf1
O-O 9. Bg5 b5 10. Bb3 Na5 11. Bc2 c5 12. Ne3 Be6 13. O-O Qc7 14. d4 exd4 15.
cxd4 Nc4 16. Nxc4 Bxc4 17. Re1 Rfe8 18. Qd2 Qb7 19. d5 b4 20. b3 Bb5 21. Qf4 Nh5
22. Qxd6 Bxa1 23. Rxa1 f6 24. Bxf6 Nxf6 25. Qxf6 Qg7 26. Qxg7+ Kxg7 27. Ng5 Kf6
28. Nxh7+ Ke5 29. Rd1 c4 30. g3 c3 31. f4+ Kd6 32. e5+ Kc5 33. Nf6 Red8 34. d6
Bc6 35. d7 Bxd7 36. Nxd7+ 1-0

[Event "Moscow Blitz Final 2014"]
[Site "Moscow RUS"]
[Date "2014.09.06"]
[Round "4.1"]
[White "Moskalenko, Alexander"]
[Black "Paravyan, David"]
[Result "1/2-1/2"]
[WhiteTitle "IM"]
[BlackTitle "IM"]
[WhiteElo "2460"]
[BlackElo "2428"]
[WhiteFideId "4155351"]
[BlackFideId "4194985"]
[EventDate "2014.09.06"]

1. b3 e5 2. Bb2 d6 3. e3 Nf6 4. g3 Be7 5. Bg2 O-O 6. Ne2 c6 7. d3 Be6 8. h3 a5
9. a3 Na6 10. Nd2 Qc7 11. g4 Nd5 12. Ng3 b5 13. Nf5 Bxf5 14. gxf5 b4 15. Rg1 Bf6
16. Ne4 Kh8 17. Qh5 Nc5 18. Nxf6 Nxf6 19. Qg5 Rg8 20. f4 Rae8 21. fxe5 dxe5 22.
axb4 axb4 23. Ke2 Qd6 24. Ra7 Ncd7 25. Ra5 Nb6 26. e4 Ra8 27. Bxe5 Qe7 28. Rxa8
Nxa8 29. Bd4 Nc7 30. Bf3 Nb5 31. Bxf6 Qxf6 32. Qxf6 gxf6 33. Rxg8+ Kxg8 34. Ke3
c5 35. Kf4 Nd4 36. Bd1 Nc6 37. Ke3 Kg7 38. Kd2 Kh6 39. h4 Kg7 40. c3 bxc3+ 41.
Kxc3 Ne5 42. d4 cxd4+ 43. Kxd4 Kf8 44. b4 Ke7 45. Kc5 Nd3+ 46. Kb5 Kd6 47. Bb3
Ke5 48. Bd5 Kf4 49. Ka5 Ne5 50. b5 Nd7 51. h5 Kg5 52. Bxf7 Kf4 53. Be6 Ne5 54.
Bg8 h6 55. b6 Nc6+ 56. Kb5 Nb8 57. b7 Kxe4 58. Bh7 Kd5 59. Kb6 Kd6 60. Bg8 Nd7+
61. Kb5 Kc7 62. Bd5 Ne5 63. Kc5 Nd7+ 64. Kb4 Nb6 65. Be4 Nd7 66. Kc4 Kd6 67. Kd4
Nb8 68. Bf3 Nd7 69. Kc3 Kc7 70. Kb4 Ne5 71. Bd5 Ng4 72. Kc5 Ne3 73. Be4 Nf1 74.
Bf3 Ne3 75. Be4 Nf1 76. Kd5 Ng3 77. Bf3 Nxf5 78. Be4 Ng7 79. Bg6 Kxb7 80. Kd6
Kb6 81. Ke7 f5 82. Kf6 Nxh5+ 1/2-1/2

[Event "Moscow Blitz Final 2014"]
[Site "Moscow RUS"]
[Date "2014.09.06"]
[Round "4.2"]
[White "Reshetnikov, Alexey"]
[Black "Morozevich, Alexander"]
[Result "1-0"]
[WhiteTitle "IM"]
[BlackTitle "GM"]
[WhiteElo "2498"]
[BlackElo "2731"]
[WhiteFideId "4162080"]
[BlackFideId "4116992"]
[EventDate "2014.09.06"]

1. e4 e5 2. Nf3 Nc6 3. Nc3 Nf6 4. Bb5 Bb4 5. O-O O-O 6. d3 d6 7. Bg5 Ne7 8. Nh4
c6 9. Bc4 d5 10. Bb3 Qd6 11. Qf3 Bg4 12. Qg3 Bd7 13. Rad1 Kh8 14. exd5 Nexd5 15.
Ne4 Qe7 16. c3 Ba5 17. Rfe1 Bc7 18. Nf3 Bf5 19. Qh4 Bxe4 20. dxe4 Nf4 21. Bxf4
exf4 22. e5 Ng8 23. Qxf4 Rad8 24. Rxd8 Bxd8 25. Nd4 g6 26. g3 Bc7 27. Qe4 Nh6
28. Kg2 Kg7 29. f4 Re8 30. Re2 a5 31. a4 Bb8 32. Qd3 Bc7 33. Qc4 Rd8 34. Nf3 Nf5
35. g4 Nh6 36. h3 Bb6 37. Qe4 Ng8 38. f5 Kh8 39. f6 Qf8 40. Ng5 Nh6 41. e6 Qc5
42. Nf3 fxe6 43. Qxe6 Rf8 44. Qe7 Qxe7 45. fxe7 Re8 46. Ne5 Kg7 47. Nd7 Bc7 48.
Nc5 Bd6 49. Nxb7 Bxe7 50. Nd6 Rb8 51. Rxe7+ Kf8 52. Rb7 Rd8 53. Nf7 Rd2+ 54. Kf3
Ng8 55. Ng5 Rxb2 56. Nxh7+ Ke8 57. Bf7+ 1-0

[Event "Moscow Blitz Final 2014"]
[Site "Moscow RUS"]
[Date "2014.09.06"]
[Round "4.3"]
[White "Grischuk, Alexander"]
[Black "Grachev, Boris"]
[Result "1-0"]
[WhiteTitle "GM"]
[BlackTitle "GM"]
[WhiteElo "2789"]
[BlackElo "2673"]
[WhiteFideId "4126025"]
[BlackFideId "4129199"]
[EventDate "2014.09.06"]

1. d4 d5 2. c4 e6 3. Nf3 Nf6 4. Nc3 Nbd7 5. Bf4 Bd6 6. Bxd6 cxd6 7. cxd5 Nxd5 8.
Nxd5 exd5 9. e3 O-O 10. Bd3 Nf6 11. Nd2 Qb6 12. Qb3 Qa5 13. Qb5 Qc7 14. O-O Bd7
15. Qb3 Rfc8 16. Nb1 Be6 17. Nc3 Qb6 18. Qxb6 axb6 19. f3 Kf8 20. Kf2 Ke7 21. g4
h6 22. h4 g5 23. Rh1 Nd7 24. hxg5 hxg5 25. Rh5 Rg8 26. Rah1 Nf6 27. Rh6 Ne8 28.
a3 Nc7 29. Ne2 Ne8 30. Bc2 Rc8 31. Bb3 Nf6 32. Nc3 Ra8 33. Ke2 Rgc8 34. Kd2 Rg8
35. Na2 Rac8 36. Nb4 Rc7 37. Rh8 Rcc8 38. Rxg8 Rxg8 39. Na2 Bd7 40. Nc3 Bc6 41.
Ne2 Bd7 42. Kc3 Rc8+ 43. Kb4 Re8 44. Kc3 Rc8+ 45. Kd2 Rg8 46. Ng3 Rc8 47. Bc2
Be6 48. Bd3 Bd7 49. Bf5 Be6 50. Rh6 Rg8 51. Kc3 Rc8+ 52. Kd2 Rg8 53. Rh2 Rc8 54.
Rh1 Rg8 55. Kc3 Re8 56. Kb4 Kd8 57. Kb5 Nd7 58. Rh5 Rg8 59. Rh6 Ke7 60. Rh7 Kd8
61. Rh1 Re8 62. Rc1 Rh8 63. Rh1 Rxh1 64. Nxh1 Bxf5 65. gxf5 Ke7 66. Nf2 Kf6 67.
e4 Ke7 68. e5 dxe5 69. dxe5 Nxe5 70. Kxb6 d4 71. Kxb7 d3 72. a4 d2 73. a5 Nd3
74. Nd1 Kd6 75. a6 Nc5+ 76. Kb6 Nxa6 77. Kxa6 Kc5 78. Ka5 Kc4 79. b4 Kd3 80. b5
Ke2 81. Nb2 Kxf3 82. b6 g4 83. b7 g3 84. b8=Q g2 85. Qb6 1-0

[Event "Moscow Blitz Final 2014"]
[Site "Moscow RUS"]
[Date "2014.09.06"]
[Round "4.4"]
[White "Riazantsev, Alexander"]
[Black "Dubov, Daniil"]
[Result "1-0"]
[WhiteTitle "GM"]
[BlackTitle "GM"]
[WhiteElo "2678"]
[BlackElo "2614"]
[WhiteFideId "4125029"]
[BlackFideId "24126055"]
[EventDate "2014.09.06"]

1. d4 f5 2. g3 Nf6 3. Bg2 g6 4. Nf3 Bg7 5. O-O O-O 6. c4 d6 7. Nc3 c6 8. Rb1 a5
9. Qb3 Kh8 10. Rd1 Na6 11. Na4 Be6 12. Nb6 a4 13. Qe3 Qxb6 14. Qxe6 Ne4 15. Ng5
Nc3 16. bxc3 Qxb1 17. Nf7+ Rxf7 18. Qxf7 Qc2 19. Rf1 Qxe2 20. Bg5 Qxa2 21. Bxe7
a3 22. Bf6 Bxf6 23. Qxf6+ Kg8 24. Qe6+ Kh8 25. Re1 Rf8 26. Qxd6 Kg8 27. Bf1 Qb2
28. Re7 Qxc3 29. Qe6+ 1-0

[Event "Moscow Blitz Final 2014"]
[Site "Moscow RUS"]
[Date "2014.09.06"]
[Round "4.5"]
[White "Popov, Ivan RUS"]
[Black "Malakhov, Vladimir"]
[Result "1/2-1/2"]
[WhiteTitle "GM"]
[BlackTitle "GM"]
[WhiteElo "2627"]
[BlackElo "2696"]
[WhiteFideId "4170350"]
[BlackFideId "4120787"]
[EventDate "2014.09.06"]

1. e4 e5 2. Nf3 Nc6 3. d4 exd4 4. Bc4 Nf6 5. e5 d5 6. Bb5 Ne4 7. Nxd4 Bd7 8.
Bxc6 bxc6 9. O-O Bc5 10. Qd3 O-O 11. Nc3 Nxc3 12. Qxc3 Bxd4 13. Qxd4 Qe7 14. b3
Bf5 15. Qc3 Qe6 16. Re1 Rfe8 17. Bf4 Qg6 18. Bg3 Bxc2 19. Rac1 Bf5 20. Qxc6 Qxc6
21. Rxc6 Rac8 22. Rd1 Re6 23. Rc5 c6 24. Rdxd5 h5 25. Rd6 Kh7 26. f3 Kg6 27. Kf2
Bb1 28. a3 Ba2 29. b4 a6 30. Ke3 Kf5 31. h4 Bb3 32. Rc3 Ba4 33. Kd2 Rg8 34. Rc4
g5 35. hxg5 Rxg5 36. Rf4+ Kg6 37. Rf6+ Kg7 38. Rfxe6 fxe6 39. Bh4 Rxg2+ 40. Ke3
Kf7 41. Bf6 Ra2 42. Rd7+ Kg6 43. Rg7+ Kh6 44. Kf4 Rxa3 45. Re7 Bb3 46. Bg7+ Kg6
47. Bf8 Bd5 48. Rg7+ Kh6 49. Rf7+ Kg6 50. Rg7+ 1/2-1/2

[Event "Moscow Blitz Final 2014"]
[Site "Moscow RUS"]
[Date "2014.09.06"]
[Round "4.6"]
[White "Motylev, Alexander"]
[Black "Kretov, Evgenij"]
[Result "1-0"]
[WhiteTitle "GM"]
[BlackTitle "FM"]
[WhiteElo "2686"]
[BlackElo "2263"]
[WhiteFideId "4121830"]
[BlackFideId "4167821"]
[EventDate "2014.09.06"]

1. e4 c5 2. b3 Nf6 3. Nc3 Nc6 4. f4 d6 5. Nf3 g6 6. Bb5 Bg7 7. Qe2 O-O 8. Bxc6
bxc6 9. O-O d5 10. e5 Nd7 11. d3 e6 12. Bd2 a5 13. Rae1 Ba6 14. Qf2 Qc7 15. h4
h5 16. g4 hxg4 17. Ng5 c4 18. bxc4 dxc4 19. d4 c5 20. d5 Bb7 21. h5 exd5 22.
hxg6 fxg6 23. Qh4 Rfe8 24. Qh7+ Kf8 25. f5 Nxe5 26. Bf4 d4 27. Bxe5 Rxe5 28. f6 1-0

[Event "Moscow Blitz Final 2014"]
[Site "Moscow RUS"]
[Date "2014.09.06"]
[Round "4.7"]
[White "Mozharov, Mikhail"]
[Black "Dvalishvili, Pavel S."]
[Result "1-0"]
[WhiteTitle "GM"]
[BlackTitle "IM"]
[WhiteElo "2555"]
[BlackElo "2439"]
[WhiteFideId "4189825"]
[BlackFideId "4121996"]
[EventDate "2014.09.06"]

1. e4 c5 2. Nf3 e6 3. d4 cxd4 4. Nxd4 a6 5. c4 Ne7 6. Nc3 Nbc6 7. Be3 Nxd4 8.
Qxd4 Nc6 9. Qd2 Rb8 10. Be2 Be7 11. O-O O-O 12. Rfd1 d6 13. Rac1 Bd7 14. Bf4 e5
15. Be3 h6 16. c5 f5 17. cxd6 Bg5 18. exf5 Bxf5 19. Bxg5 hxg5 20. Bd3 Bg4 21.
Re1 Rf4 22. Ne4 Bf5 23. Ng3 Be6 24. Be4 Nd4 25. Qb4 b6 26. Rc7 a5 27. Qc3 Qxd6
28. Nh5 Rf7 29. Rxf7 Bxf7 30. Ng3 Bxa2 31. Qe3 Qe7 32. h3 Bf7 33. Bd3 Rc8 34.
Ne4 Bg6 35. Qg3 Bxe4 36. Rxe4 Rc5 37. Qe3 Qf6 38. Rg4 a4 39. Rxg5 Qf4 40. Qxf4
exf4 41. Rg4 Ne6 42. g3 fxg3 43. fxg3 b5 44. Rb4 Nc7 45. Kf2 Rd5 46. Ke3 Rh5 47.
Kf3 Rxh3 48. Bxb5 Nxb5 49. Rxb5 Rh2 50. Rb4 Rc2 51. Ke4 Kf7 52. Kd5 Rg2 53. g4
Kg6 54. Kc5 Kg5 55. Kb5 Rxg4 56. Rxg4+ Kxg4 57. Kxa4 Kf4 58. b4 g5 59. b5 Ke5
60. Ka5 Kd6 61. Ka6 g4 62. b6 1-0

[Event "Moscow Blitz Final 2014"]
[Site "Moscow RUS"]
[Date "2014.09.06"]
[Round "4.8"]
[White "Belous, Vladimir"]
[Black "Karjakin, Sergey"]
[Result "1-0"]
[WhiteTitle "GM"]
[BlackTitle "GM"]
[WhiteElo "2584"]
[BlackElo "2777"]
[WhiteFideId "4174003"]
[BlackFideId "14109603"]
[EventDate "2014.09.06"]

1. Nf3 c5 2. c4 Nc6 3. Nc3 e5 4. e3 Nf6 5. d4 e4 6. Ne5 h5 7. Be2 Bd6 8. Nxc6
dxc6 9. dxc5 Bxc5 10. Qxd8+ Kxd8 11. Bd2 Ke7 12. Na4 Bd6 13. c5 Be5 14. Bc3
Bxc3+ 15. Nxc3 Rd8 16. f3 exf3 17. gxf3 Be6 18. Rd1 Nd7 19. b4 a5 20. a3 axb4
21. axb4 Ra3 22. Rc1 Rb3 23. b5 Nxc5 24. bxc6 bxc6 25. Nd1 Nd3+ 26. Bxd3 Rbxd3
27. Rg1 g6 28. Kf2 Rd2+ 29. Kg3 h4+ 30. Kxh4 Rxh2+ 31. Kg3 Rhd2 32. Nf2 Rc8 33.
Ne4 Rd3 34. Kf4 Rd5 35. Rc3 c5 36. Rgc1 c4 37. Kg3 Rb5 38. Ra1 Rb3 39. Ra7+ Kf8
40. Kf4 Rcb8 41. Rc1 R8b5 42. Nd6 Rc5 43. Rh1 g5+ 44. Ke4 c3 45. Ne8 Bf5+ 46.
Kd4 1-0

[Event "Moscow Blitz Final 2014"]
[Site "Moscow RUS"]
[Date "2014.09.06"]
[Round "4.9"]
[White "Fedoseev, Vladimir3"]
[Black "Najer, Evgeniy"]
[Result "1/2-1/2"]
[WhiteTitle "GM"]
[BlackTitle "GM"]
[WhiteElo "2677"]
[BlackElo "2646"]
[WhiteFideId "24130737"]
[BlackFideId "4118987"]
[EventDate "2014.09.06"]

1. d4 d5 2. c4 c6 3. Nf3 dxc4 4. a4 e6 5. e3 b5 6. b3 Bb4+ 7. Bd2 Bxd2+ 8. Qxd2
a5 9. bxc4 b4 10. c5 Nf6 11. Qb2 O-O 12. Nbd2 Nbd7 13. Be2 Nd5 14. O-O Nc3 15.
Bc4 e5 16. Nb1 exd4 17. exd4 Nxb1 18. Raxb1 Ba6 19. Bxa6 Rxa6 20. Rfe1 Ra8 21.
Rbd1 Nf6 22. Re5 Nd5 23. Rde1 Qd7 24. Qc2 h6 25. Nd2 Nc3 26. Nb3 Rfe8 27. h3 f6
28. Rxe8+ Qxe8 29. Kh2 Qd8 30. Qf5 Qc7+ 31. g3 Nxa4 32. d5 cxd5 33. Qxd5+ Kh8
34. Qxa8+ Kh7 35. Qe4+ g6 36. Qd4 Kg7 37. Qc4 Nc3 38. Nd4 Kh7 39. c6 Ne4 40. Ne6
Nd6 41. Qc5 Qe7 42. Qd5 a4 43. c7 b3 44. Qxd6 Qxd6 45. c8=Q Qe7 46. Nf4 b2 47.
Qc2 a3 48. Qxg6+ Kh8 49. Qxh6+ Kg8 50. Qg6+ Kf8 51. Qd3 a2 52. Ng6+ Kf7 53. Nxe7
b1=Q 54. Qd7 Kf8 55. Qd8+ Kf7 56. Nd5 a1=Q 57. Qe7+ Kg6 58. Nf4+ Kh6 59. Qf8+
Kh7 60. Qf7+ Kh6 61. Qf8+ 1/2-1/2

[Event "Moscow Blitz Final 2014"]
[Site "Moscow RUS"]
[Date "2014.09.06"]
[Round "4.10"]
[White "Seliverstov, Vladimir"]
[Black "Savchenko, Boris"]
[Result "0-1"]
[WhiteTitle "FM"]
[BlackTitle "GM"]
[WhiteElo "2432"]
[BlackElo "2608"]
[WhiteFideId "4192036"]
[BlackFideId "4147332"]
[EventDate "2014.09.06"]

1. d4 e6 2. c4 Nf6 3. g3 d5 4. Bg2 dxc4 5. Qa4+ Nbd7 6. Nf3 a6 7. Qxc4 b5 8. Qc2
Bb7 9. O-O c5 10. dxc5 Bxc5 11. Bg5 Rc8 12. Qd3 Qb6 13. Nc3 Ng4 14. Rad1 Bxf2+
15. Rxf2 Qxf2+ 16. Kh1 Ndf6 17. Qd6 Qc5 18. Qxc5 Rxc5 19. Rd6 Bxf3 20. exf3 Rxg5
21. fxg4 b4 22. Na4 Ke7 23. Rxa6 Nxg4 24. Ra7+ Kf6 25. Nb6 Rd8 26. Nd7+ Kg6 27.
h4 Rf5 28. Kg1 Nf6 29. g4 Nxg4 30. Be4 Kh5 31. Bxf5 exf5 32. Rb7 Kxh4 33. Kg2 f4
34. Nc5 Rd2+ 35. Kf3 f5 0-1

[Event "Moscow Blitz Final 2014"]
[Site "Moscow RUS"]
[Date "2014.09.06"]
[Round "5.1"]
[White "Savchenko, Boris"]
[Black "Moskalenko, Alexander"]
[Result "1-0"]
[WhiteTitle "GM"]
[BlackTitle "IM"]
[WhiteElo "2608"]
[BlackElo "2460"]
[WhiteFideId "4147332"]
[BlackFideId "4155351"]
[EventDate "2014.09.06"]

1. e4 c6 2. d4 d5 3. Nc3 a6 4. e5 Bf5 5. Nge2 e6 6. Nf4 c5 7. g4 Be4 8. Nxe4
dxe4 9. d5 exd5 10. Qxd5 Nc6 11. Qxe4 Qd4 12. Bg2 O-O-O 13. Qf5+ Kb8 14. O-O
Qxe5 15. Qxf7 Nf6 16. Ne6 Rd7 17. Qxd7 Nxd7 18. Bf4 Bd6 19. Bxe5 Ncxe5 20. Rad1
Bc7 21. f4 1-0